Sports by Picture - Statistics

General Stats
  • This quiz has been taken 145 times
  • The average score is 13 of 20
Answer Stats
Picture Answer % Correct
Ice hockey
99%
Archery
89%
Sumo wrestling
89%
Gymnastics
88%
Cricket
86%
Rugby
84%
Badminton
83%
Fencing
80%
Curling
76%
Polo
76%
Lacrosse
72%
Parkour
62%
Snooker
57%
Squash
57%
Figure skating
53%
Motocross
38%
Cross-country skiing
32%
Disc golf
29%
Wakeboarding
26%
Hurdling
18%
No matching quizzes found
Score Distribution
Percent of People with Each Score
Percentile by Number Answered
Your Score History
You have not taken this quiz